000
00238nam a2200097Ia 4500
001
659824
005
20250826160102.0
008
250824s9999 xx 000 0 und d
245
0
_a
Bay Endişe
_c
Holly L. Niner
260
_b
TÜBİTAK YAYINLARI
999
_c
659824
_d
659824